|
|
|
|
| LEADER |
00000nam a22000007a 4500 |
| 005 |
2019091705135.0 |
| 007 |
cr|||| |||| |
| 008 |
190917s2019 uk |||||s|||| 00||0 eng d |
| 020 |
|
|
|a 9783659892264
|
| 035 |
|
|
|a 25016
|
| 040 |
|
|
|a vLex
|
| 090 |
|
|
|c 9540
|d 9540
|
| 245 |
1 |
0 |
|a Experts and Expert Evidence in International Arbitration
|h [Recurso electrn̤ico] /
|c Charles Goddard, Inna Goddard
|
| 256 |
|
|
|a Servicio en ln̕ea
|
| 260 |
|
|
|a Londres:
|b Lambert Academic Publishing,
|c 2019
|
| 300 |
|
|
|a 1 recurso electrn̤ico
|
| 500 |
|
|
|a The theme of this book is Experts and their evidence – both in common and civil law jurisdictions. It covers both legal proceedings and arbitrations. There are of course limits to the use of Expert evidence, and the intention of this book is to leave the reader with an appreciation of Expert evidence, some of the current debates on its use, and how to challenge it. It also contributes to those debates.
|
| 506 |
1 |
|
|a Disponible solo en los productos indicados
|d vLex Global
|d vLex Global (Academic Edition, excluding Law Schools)
|d vLex Global (U.S. Academic Edition, Law Schools)
|d vLex Global (U.S. Academic Edition, excluding Law Schools)
|d vLex Global (Academic Edition, Law Schools)
|
| 650 |
0 |
4 |
|a Derecho Pb︢lico y Administrativo
|z Inglaterra
|
| 700 |
1 |
|
|a Goddard, Inna
|
| 740 |
0 |
|
|a vLex Libros (Servicio en ln̕ea)
|
| 856 |
4 |
0 |
|u http://vlex.com/source/25016
|z Acceso restringido
|
| 942 |
|
|
|c BOOK
|
| 999 |
0 |
|
|a Public and Administrative Law
|